Postacie z „Pana Tadeusza" - nagła śmierć - Statystyki

Ogólne statystyki
  • Ten quiz został rozwiązany 281 razy
  • Średni wynik to 10 z 16
Answers on the Grid
Answers color-coded by a green-red scale on the quiz's grid according to % correct below.
Tadeusz Soplica
Jacek Soplica
Zosia
Telimena
Hrabia
Sędzia
Gerwazy Rębajło
Protazy Brzechalski
Stolnik Horeszko
Wojski Hreczecha
Maciej Dobrzyński
Podkomorzy
Rejent Bolesta
Asesor
Major Płut
Jankiel
Stanisław Wokulski
Izabela Łęcka
Andrzej Kmicic
Cześnik Raptusiewicz
Józef Papkin
Guślarz
Maciej Boryna
Petroniusz
Michał Wołodyjowski
Alina
Iwan Nowosilcow
Ignacy Rzecki
 
Statystyki odpowiedzi
Odpowiedź % Poprawnych
Tadeusz Soplica
83%
Jacek Soplica
82%
Zosia
81%
Podkomorzy
77%
Telimena
76%
Stolnik Horeszko
71%
Gerwazy Rębajło
70%
Hrabia
70%
Sędzia
69%
Jankiel
65%
Asesor
60%
Protazy Brzechalski
57%
Wojski Hreczecha
55%
Maciej Dobrzyński
45%
Rejent Bolesta
44%
Major Płut
40%
Nie znaleziono quizów pasujących do podanych kryteriów
Rozkład punktacji
Procent ludzi z każdym wynikiem
Percentyl według liczby udzielonych odpowiedzi
Twoja historia wyników
Nie rozwiązałeś tego quizu